[Event "5th SCO Teams 2023"]
[Site "Qingdao CHN"]
[Date "2023.12.18"]
[Round "9.4"]
[White "Tulendinov,Dinmukhammed"]
[Black "Wei Yi"]
[Result "0-1"]
[WhiteElo "2303"]
[BlackElo "2729"]

1.e4 c5 2.d4 cxd4 3.Qxd4 Nc6 4.Qd3 Nf6 5.Nc3 e6 6.Bf4 a6 7.Nf3 b5 8.a3 Bb7
9.Be2 d6 10.O-O Qc7 11.Rad1 Rd8 12.h3 Be7 13.Qe3 Ne5 14.Bxe5 dxe5 15.Rxd8+ Bxd8
16.Qg5 Nxe4 17.Qxg7 Bf6 18.Qh6 Nxc3 19.bxc3 Ke7 20.Qe3 Rc8 21.c4 bxc4 22.Nd2 Bd5
23.Ne4 Bg7 24.Rb1 Kf8 25.Nc3 Qa5 26.Bf3 Bxf3 27.Qxf3 Qxa3 28.Rb7 Qc1+ 29.Kh2 Qf4+
30.Qxf4 exf4 31.Ne4 Be5 32.Ra7 Rc6 33.Ng5 h6 34.Nxf7 Rc7 35.Rxc7 Bxc7 36.Nxh6 a5
37.Ng4 a4 38.Nf6 a3  0-1

[Event "1st China Chess King 2024"]
[Site "Chengdu CHN"]
[Date "2024.01.06"]
[Round "2.2"]
[White "Wei Yi"]
[Black "Xue,Haowen"]
[Result "1-0"]
[WhiteElo "2740"]
[BlackElo "2452"]

1.e4 c6 2.d4 d5 3.exd5 cxd5 4.Bd3 Nc6 5.c3 Qc7 6.h3 g6 7.Ne2 Bf5 8.Bf4 Qd7
9.Bxf5 gxf5 10.Qd3 f6 11.O-O e5 12.dxe5 fxe5 13.Qe3 Qe7 14.Bg5 Nf6 15.Qf3 Qe6
16.Bxf6 Qxf6 17.Qxd5 Rd8 18.Qb3 Bc5 19.Na3 Rd2 20.Rae1 Bxa3 21.bxa3 Qg6 22.Qxb7 Rg8
23.Nf4 Qh6 24.Qc8+ Rd8 25.Qxf5 Rd6 26.Re3 Rf8 27.Qc8+ Kf7 28.Qc7+ Kg8 29.Rg3+ Kh8
30.Nh5 Rg6 31.Rxg6 Qxg6 32.Ng3 Rg8 33.Rd1 Rg7 34.Qc8+ Rg8 35.Qf5 Qh6 36.Rd7 Qc1+
37.Kh2 Qh6 38.Ne4 Rg6 39.Rf7 Qh4 40.Nf6  1-0

[Event "1st China Chess King 2024"]
[Site "Chengdu CHN"]
[Date "2024.01.06"]
[Round "2.1"]
[White "Xue,Haowen"]
[Black "Wei Yi"]
[Result "0-1"]
[WhiteElo "2452"]
[BlackElo "2740"]

1.c4 e5 2.Nc3 Nf6 3.Nf3 Nc6 4.e3 Bb4 5.Qc2 Bxc3 6.Qxc3 Qe7 7.Be2 O-O 8.O-O d5
9.d4 Bg4 10.dxe5 Nxe5 11.Nxe5 Bxe2 12.Re1 Bh5 13.f3 Rfe8 14.Nd3 Rad8 15.Nf4 d4
16.Qb3 Qc5 17.Qb5 Qxb5 18.cxb5 dxe3 19.Bxe3 Nd5 20.Nxd5 Rxd5 21.Bxa7 Ra8
22.a4 b6 23.Re7 Rc5 24.b4 Rc4 25.a5 h6 26.axb6 cxb6 27.Rb1 Rc2 28.Rf1 Bg6
29.g4 Rc4 30.Bxb6 Rxb4 31.Re5 Bd3 32.Rd1 Ra2 33.Bf2 Bxb5 34.Rf5 Rbb2 35.Bg3 Bd3
36.Rf4 Be2 37.Re1 Rb3 38.Kg2 Bxf3+ 39.Kh3 Bg2+  0-1

[Event "1st China Chess King 2024"]
[Site "Chengdu CHN"]
[Date "2024.01.07"]
[Round "3.2"]
[White "Yu Yangyi"]
[Black "Wei Yi"]
[Result "1/2-1/2"]
[WhiteElo "2720"]
[BlackElo "2740"]

1.e4 g6 2.d4 Bg7 3.Nf3 d6 4.Bc4 e6 5.c3 Ne7 6.O-O b6 7.Re1 Bb7 8.Bb3 Nd7
9.Nbd2 h6 10.Nf1 c5 11.Ng3 Qc7 12.Bf4 e5 13.Be3 Nf6 14.Ba4+ Kf8 15.Bc2 Rd8
16.h3 Kg8 17.a4 a6 18.Qe2 Nc6 19.dxe5 Nxe5 20.Nxe5 dxe5 21.Bd3  1/2-1/2

[Event "1st China Chess King 2024"]
[Site "Chengdu CHN"]
[Date "2024.01.07"]
[Round "3.1"]
[White "Wei Yi"]
[Black "Yu Yangyi"]
[Result "0-1"]
[WhiteElo "2740"]
[BlackElo "2720"]

1.Nf3 d5 2.e3 Nf6 3.d4 Bf5 4.c4 c6 5.Nc3 e6 6.Nh4 Bg6 7.Bd2 Nbd7 8.Qb3 Qb6
9.Nxg6 hxg6 10.h3 Be7 11.Bd3 a6 12.O-O Qxb3 13.axb3 O-O 14.g4 Rfd8 15.Rad1 Rac8
16.f4 Ne8 17.f5 gxf5 18.gxf5 Nf8 19.fxe6 Nxe6 20.Na4 b5 21.Nb6 Rb8 22.Ba5 Bg5
23.Rf3 Nf6 24.c5 Rb7 25.Ra1 Re8 26.Be1 Bh6 27.Bh4 Ng5 28.Bxg5 Bxg5 29.Kg2 Bxe3
30.Rxa6 Bxd4 31.b4 Bxb2 32.Bf5 g6 33.Bc8 Rc7 34.Ra2 Be5 35.Re2 Kg7 36.Rfe3 Rce7
37.Ra2 Bd4 38.Rd3 Be3 39.Ra8 Bg5 40.Ra2 Nh5 41.Rb3 Nf6 42.Rg3 Bh4 43.Rf3 Re4
44.Bb7 R8e6 45.Rb2 Nh5 46.Bc8 R6e5 47.Bd7 Rg5+ 48.Kh2 Bg3+ 49.Rxg3 Nxg3 50.Bxc6 Nf1+
51.Kh1 Re3  0-1

[Event "1st China Chess King 2024"]
[Site "Chengdu CHN"]
[Date "2024.01.07"]
[Round "4.3"]
[White "Wei Yi"]
[Black "Ding Liren"]
[Result "1-0"]
[WhiteElo "2740"]
[BlackElo "2780"]

1.e4 c6 2.d4 d5 3.Nc3 dxe4 4.Nxe4 Nf6 5.Nxf6+ exf6 6.c3 Bd6 7.Bd3 O-O 8.Qc2 Re8+
9.Ne2 h5 10.Be3 Nd7 11.O-O-O Nf8 12.Kb1 a5 13.c4 a4 14.h3 a3 15.b3 Bd7 16.Nc3 Bb4
17.g4 h4 18.Rhg1 Ne6 19.Ne4 Ng5 20.Nxg5 fxg5 21.Bf5 Ra5 22.c5 b6 23.d5 Bxc5
24.Bh7+ Kh8 25.dxc6 Bxe3 26.cxd7 Re6 27.Qc8  1-0

[Event "1st China Chess King 2024"]
[Site "Chengdu CHN"]
[Date "2024.01.07"]
[Round "4.4"]
[White "Ding Liren"]
[Black "Wei Yi"]
[Result "0-1"]
[WhiteElo "2780"]
[BlackElo "2740"]

1.c4 c5 2.g3 g6 3.Bg2 Bg7 4.Nc3 Nc6 5.d3 Nf6 6.Bf4 d6 7.Qc1 Be6 8.Nf3 O-O
9.Bh6 a6 10.h4 Bg4 11.Nh2 Bd7 12.h5 Nxh5 13.g4 Nf6 14.Nf1 Bh8 15.g5 Ng4 16.Bxf8 Qxf8
17.f3 Nge5 18.f4 Ng4 19.Ne3 Nd4 20.Nxg4 Bxg4 21.e3 Nf5 22.Bh3 Bxh3 23.Rxh3 b5
24.Qd2 h5 25.gxh6 Kh7 26.Ne4 Bf6 27.O-O-O Qh8 28.Nxf6+ Qxf6 29.Qc3 Qxc3+
30.bxc3 e6 31.Kc2 Ne7 32.e4 f5 33.Re1 Re8 34.Rhe3 e5 35.fxe5 f4 36.Rh3 dxe5
37.cxb5 axb5 38.Rb1 g5 39.Rxb5 g4 40.Rh1 g3 41.Kd2 f3 42.Ke3 Rf8 43.Rb7 g2
44.Rxe7+ Kh8 45.Rb1 f2 46.Rbb7 g1=Q 47.Rh7+ Kg8 48.Rbg7+ Qxg7  0-1

[Event "1st China Chess King 2024"]
[Site "Chengdu CHN"]
[Date "2024.01.07"]
[Round "4.1"]
[White "Wei Yi"]
[Black "Ding Liren"]
[Result "1/2-1/2"]
[WhiteElo "2740"]
[BlackElo "2780"]

1.e4 c6 2.Nc3 d5 3.d4 dxe4 4.Nxe4 Nf6 5.Nxf6+ exf6 6.c3 Bd6 7.Bd3 O-O 8.Qc2 Re8+
9.Ne2 h5 10.Be3 Nd7 11.O-O-O b5 12.d5 c5 13.Bxb5 Rb8 14.c4 a6 15.Bc6 Re7
16.Nc3 Ne5 17.Ne4 Bg4 18.Rd2 Bf5 19.Nxf6+ gxf6 20.Qxf5 Nxc4 21.Qxf6 Nxd2
22.Qg5+ Kf8 23.Qh6+ Kg8 24.Qg5+ Kf8 25.Qh6+  1/2-1/2

[Event "1st China Chess King 2024"]
[Site "Chengdu CHN"]
[Date "2024.01.07"]
[Round "4.2"]
[White "Ding Liren"]
[Black "Wei Yi"]
[Result "1/2-1/2"]
[WhiteElo "2780"]
[BlackElo "2740"]

1.e4 c5 2.Nf3 d6 3.Bb5+ Nd7 4.a4 Nf6 5.Nc3 a6 6.Be2 b6 7.d4 cxd4 8.Qxd4 e5
9.Qe3 Bb7 10.O-O Be7 11.Rd1 O-O 12.Nd2 Qc7 13.Nc4 Rad8 14.Bf1 Nxe4 15.Nxe4 d5
16.Ned2 dxc4 17.Nxc4 b5 18.axb5 axb5 19.Na3 Nf6 20.Nxb5 Qxc2 21.Rxd8 Rxd8
22.Nc3 Ne4 23.Qe2 Qxe2  1/2-1/2

[Event "Superbet POL Rapid 2024"]
[Site "Warsaw POL"]
[Date "2024.05.08"]
[Round "1.4"]
[White "Keymer,Vincent"]
[Black "Wei Yi"]
[Result "1/2-1/2"]
[WhiteElo "2726"]
[BlackElo "2755"]

1.d4 Nf6 2.c4 e6 3.Nc3 Bb4 4.e3 O-O 5.Bd2 d5 6.Nf3 Nbd7 7.Rc1 c6 8.Bd3 Qe7
9.Qc2 dxc4 10.Bxc4 e5 11.a3 Bd6 12.Ba2 Bb8 13.O-O h6 14.Nh4 Rd8 15.Ng6 Qd6
16.Nb5 cxb5 17.Qxc8 Qb6 18.Ne7+ Kf8 19.Nf5 g6 20.Bb4+ Kg8 21.Ne7+ Kg7 22.Qc2 exd4
23.Bxf7 d3 24.Qb3 Ne5 25.Bxg6 d2 26.Bxd2 Rxd2 27.Bb1 Nc4 28.Nf5+ Kh8 29.Rfd1 Rxd1+
30.Rxd1 Be5 31.Nxh6 Rf8 32.Nf5 Nxb2 33.Rc1 Nc4 34.a4 Rg8 35.axb5 Nd2 36.Qb4 Nxb1
37.Ne7 Rg4 38.Qxb1 Bxh2+ 39.Kf1 Qe6 40.Rc8+ Kg7 41.Nf5+ Kh7 42.Nd4+ Qe4 43.Qxe4+ Nxe4
44.g3 Nxg3+ 45.fxg3 Bxg3 46.Ra8 a6 47.bxa6 bxa6 48.Ra7+ Kg6 49.Rxa6+ Kf7
50.Ke2 Be5 51.Nf5 Rg6 52.Ra7+ Ke6 53.e4 Rg1 54.Ra6+ Kd7 55.Ra5 Ke6 56.Ne3 Bd4
57.Nc4 Ra1 58.Rd5 Bf6 59.Rd6+ Ke7 60.Rb6 Bd4 61.Rh6 Rc1 62.Nd6 Bf6 63.Nf5+ Ke6
64.Ne3 Kf7 65.Ng4 Bg7 66.Ra6 Rc2+ 67.Kf3 Rc1 68.Kf4 Rf1+ 69.Kg5 Ra1 70.Rc6 Ra5+
71.Kf4 Ra7 72.e5 Ra1 73.Kg5 Bxe5 74.Nxe5+ Ke7 75.Nf3 Kd7 76.Rh6 Rf1 77.Kf4 Ke7
78.Ke4 Kd7 79.Nd4 Ra1 80.Rg6 Rh1 81.Ke5 Rh5+ 82.Nf5 Kc7 83.Rg1 Kd7 84.Ra1 Kc6
85.Rc1+ Kd7 86.Rd1+ Kc6 87.Ke6 Kc5 88.Rc1+ Kb4 89.Ke5 Kb5 90.Rc8 Rg5 91.Ke4 Kb4
92.Ne3 Rh5 93.Nd5+ Kb5 94.Nc3+ Kb4 95.Kd4 Rh4+ 96.Ne4 Kb5 97.Rc1 Kb6 98.Rc2 Kb5
99.Rc5+ Kb6 100.Re5 Kc6 101.Re6+ Kb5 102.Rf6 Ka5 103.Kd5 Rh5+ 104.Kc4 Rh4
105.Re6 Rf4 106.Kd4 Rh4 107.Rg6 Kb5 108.Rf6 Ka5 109.Re6 Kb5 110.Rg6 Ka5 111.Kd5 Rh5+
112.Kc4 Rh4 113.Re6 Rf4 114.Kc5 Rf5+ 115.Kd4 Rf4 116.Rh6 Kb5 117.Ke5 Rf1
118.Rd6 Re1 119.Rd2 Kc6 120.Rc2+ Kd7 121.Rc4 Re3 122.Rc1 Re2 123.Kd5 Rh2
124.Nc5+ Ke7 125.Re1+ Kf7 126.Rf1+ Ke7 127.Rf5 Rh1 128.Ne4 Rd1+ 129.Ke5 Ra1
130.Nc3 Re1+  1/2-1/2

[Event "Superbet POL Rapid 2024"]
[Site "Warsaw POL"]
[Date "2024.05.08"]
[Round "2.1"]
[White "Wei Yi"]
[Black "Carlsen,M"]
[Result "0-1"]
[WhiteElo "2755"]
[BlackElo "2830"]

1.e4 c5 2.Nf3 Nc6 3.Bb5 g6 4.Bxc6 dxc6 5.d3 Qc7 6.Be3 e5 7.Qd2 b6 8.a4 a5
9.Na3 f6 10.O-O Be6 11.Nc4 Bxc4 12.dxc4 Rd8 13.Qe2 Bh6 14.c3 Bxe3 15.Qxe3 Ne7
16.b4 Qd6 17.bxa5 bxa5 18.Rab1 Kf7 19.h3 Rd7 20.Rb2 Qd3 21.Qxc5 Qxc3 22.Rfb1 Rhd8
23.Kh2 g5 24.Rb7 h5 25.R1b3 Qc1 26.Qa7 Ke6 27.Rxd7 Rxd7 28.Qxa5 g4 29.Ng1 Qf4+
30.Kh1 Qxf2 31.Qb6 g3 32.Rb1 Qxb6 33.Rxb6 Rd1 34.a5 h4 35.a6 Ra1 36.c5 f5
37.exf5+ Kxf5 38.Rb7 Nd5 39.a7 Nf4 40.a8=Q Rxa8 41.Rb1 e4 42.Rf1 Ra2  0-1

[Event "Superbet POL Rapid 2024"]
[Site "Warsaw POL"]
[Date "2024.05.09"]
[Round "4.5"]
[White "Giri,A"]
[Black "Wei Yi"]
[Result "0-1"]
[WhiteElo "2745"]
[BlackElo "2755"]

1.d4 Nf6 2.c4 e6 3.Nf3 d5 4.g3 Bb4+ 5.Bd2 Be7 6.Bg2 O-O 7.O-O Nbd7 8.Qc2 c6
9.Bf4 a5 10.Rd1 a4 11.a3 Ne4 12.Nc3 Nxc3 13.Qxc3 g5 14.Bd2 f5 15.Qc1 g4 16.Ne1 Nb6
17.c5 Nc4 18.Bh6 Rf7 19.e3 e5 20.Bf1 Na5 21.dxe5 Nb3 22.Qc2 Nxc5 23.Nd3 Nxd3
24.Bxd3 Be6 25.Bf1 Qe8 26.Rac1 Ra5 27.h3 gxh3 28.Bxh3 Kh8 29.Kh2 Qg8 30.Qe2 Qg6
31.Bf4 Ra8 32.Rd4 h5 33.Rg1 Rh7 34.Qc2 Rg8 35.Rxa4 h4 36.Qd1 Qe8 37.b4 hxg3+
38.Rxg3 Rg4 39.Qf1 d4 40.Ra7 Bh4 41.Bxg4 Bxg3+ 42.Kxg3 fxg4 43.e4 Qh5 44.f3 Qh2+  0-1

[Event "Superbet POL Rapid 2024"]
[Site "Warsaw POL"]
[Date "2024.05.09"]
[Round "5.5"]
[White "Wei Yi"]
[Black "Duda,J"]
[Result "1-0"]
[WhiteElo "2755"]
[BlackElo "2734"]

1.e4 e5 2.Nf3 Nc6 3.Bc4 Bc5 4.c3 Nf6 5.d3 d6 6.Bg5 h6 7.Bh4 a6 8.Nbd2 Ba7
9.a4 Qe7 10.O-O g5 11.Bg3 Nh7 12.b4 h5 13.h4 g4 14.Ne1 Nf8 15.b5 Na5 16.Bd5 c6
17.Ba2 Ng6 18.Rb1 axb5 19.axb5 cxb5 20.Rxb5 Nc6 21.Nc4 O-O 22.Qd2 Kg7 23.d4 f5
24.exf5 Bxf5 25.Ne3 Be4 26.Bd5 exd4 27.cxd4 Rae8 28.N1c2  1-0

[Event "Superbet POL Rapid 2024"]
[Site "Warsaw POL"]
[Date "2024.05.09"]
[Round "6.1"]
[White "Shevchenko,Kirill"]
[Black "Wei Yi"]
[Result "0-1"]
[WhiteElo "2677"]
[BlackElo "2755"]

1.e4 c5 2.c3 Nf6 3.e5 Nd5 4.Bc4 Nb6 5.Bb3 d6 6.exd6 c4 7.Bc2 Qxd6 8.Na3 Nc6
9.Nf3 Ne5 10.O-O Bg4 11.Re1 Bxf3 12.gxf3 O-O-O 13.b3 Nd3 14.Nxc4 Nxc4 15.bxc4 e5
16.Qe2 Qg6+ 17.Kh1 Bc5 18.Rf1 Rhe8 19.Rb1 b6 20.Rb3 Nxf2+ 21.Qxf2 Qxc2 22.Qh4 Qd3
23.Qh3+ Kb8 24.Ba3 Bxa3 25.Rxa3 Qxc4 26.d4 exd4 27.cxd4 Rxd4 28.Rb3 Re2 29.Qg3+ Kb7
30.Rbb1 Rdd2 31.Rbc1 Rxh2+ 32.Qxh2 Rxh2+ 33.Kxh2 Qxa2+ 34.Kg3 a5 35.Rfe1 Ka6
36.Rc7 f5 37.Ree7 g6 38.Rxh7 g5 39.Rhf7 f4+ 40.Kg4 Qg2+ 41.Kf5 Qxf3 42.Kxg5 Qg3+
43.Kf5 f3 44.Ke4 a4 45.Ra7+ Kb5 46.Rxf3 Qe1+ 47.Kd3 Qd1+ 48.Ke3 Qb3+ 49.Ke2 Qe6+
50.Kf2 Qd6 51.Re3 Qf4+ 52.Ke2 Kb4 53.Rae7 Qh2+ 54.Kd1 b5 55.R7e4+ Ka5 56.Kc1 Qd6
57.Kb2 Qd1 58.Re5 Qd2+ 59.Kb1 Qb4+ 60.Ka2 Qc4+ 61.Kb1 Qd4 62.Ka2 Qd6 63.Kb2 Qf6
64.Ka2 Qf4 65.Kb2 Kb6 66.Re6+ Kc5 67.R3e5+ Kd4 68.Rxb5 Qd2+ 69.Ka3 Qc1+ 70.Kxa4 Qa1+
71.Kb4 Qb2+ 72.Ka5 Qa2+ 73.Kb6 Qxe6+ 74.Kc7 Kc4 75.Rb1 Qe5+  0-1

[Event "Superbet POL Rapid 2024"]
[Site "Warsaw POL"]
[Date "2024.05.10"]
[Round "7.3"]
[White "Wei Yi"]
[Black "Abdusattorov,Nodirbek"]
[Result "1-0"]
[WhiteElo "2755"]
[BlackElo "2766"]

1.e4 e5 2.Bc4 Nf6 3.d3 Nc6 4.Nc3 Na5 5.Qf3 Nxc4 6.dxc4 d6 7.Nge2 Be7 8.h3 O-O
9.Ng3 c6 10.O-O Be6 11.b3 Qd7 12.a4 Rad8 13.Rd1 Qc8 14.Be3 a6 15.a5 Ne8 16.Bb6 Rd7
17.Rd3 g6 18.Nf5 gxf5 19.exf5 Kh8 20.fxe6 fxe6 21.Qe2 Ng7 22.Rad1 Qe8 23.Ne4 d5
24.Nc5 Bxc5 25.Bxc5 Rf5 26.Re3 e4 27.f3 dxc4 28.Rxd7 Qxd7 29.b4 exf3 30.Rxf3 e5
31.Re3 Qd5 32.g4 Rg5 33.Be7 Rg6 34.Rxe5 Qd4+ 35.Kh1 h6 36.Bc5 Qd7 37.Qxc4 Rf6
38.Bd4 Kh7 39.Qd3+ Kg8 40.Qc4+ Kh7 41.Qd3+ Kg8 42.Re4 Rd6 43.Qc4+ Ne6 44.c3 Rd5
45.Kg2 h5 46.Qe2 Nxd4 47.cxd4 Rxd4 48.Rxd4 Qxd4 49.gxh5 Qxb4 50.Qg4+ Qxg4+
51.hxg4 Kf7 52.g5  1-0

[Event "Superbet POL Rapid 2024"]
[Site "Warsaw POL"]
[Date "2024.05.10"]
[Round "8.3"]
[White "Gukesh,D"]
[Black "Wei Yi"]
[Result "0-1"]
[WhiteElo "2764"]
[BlackElo "2755"]

1.e4 c5 2.c3 Nf6 3.e5 Nd5 4.Nf3 d6 5.Bc4 Nb6 6.e6 Bxe6 7.Bxe6 fxe6 8.d4 cxd4
9.O-O Nc6 10.Ng5 Qd7 11.cxd4 g6 12.Re1 e5 13.d5 Nd4 14.Be3 Bh6 15.Bxd4 Bxg5
16.Bxb6 axb6 17.Nc3 O-O 18.Ne4 Bh6 19.a4 b5 20.a5 Qc7 21.b4 Qc4 22.Rb1 Rac8
23.Re2 Qd4 24.Qxd4 exd4 25.g3 d3 26.Ree1 Rf5 27.f4 Rxd5 28.Rec1 Rc2 29.Nf2 g5
30.Re1 d2  0-1

[Event "Superbet POL Rapid 2024"]
[Site "Warsaw POL"]
[Date "2024.05.10"]
[Round "9.2"]
[White "Wei Yi"]
[Black "Praggnanandhaa,R"]
[Result "1/2-1/2"]
[WhiteElo "2755"]
[BlackElo "2747"]

1.Nf3 Nf6 2.c4 e6 3.Nc3 d5 4.e3 c5 5.cxd5 exd5 6.b3 Nc6 7.Bb2 d4 8.Na4 Bd7
9.Rc1 b6 10.Be2 Be7 11.exd4 Nxd4 12.Nxd4 cxd4 13.Bxd4 Bxa4 14.Bxf6 Bxf6 15.bxa4 O-O
16.O-O Rc8 17.Bc4 g6 18.d3 Kg7 19.Re1 Re8 20.Qf3 Rxe1+ 21.Rxe1 Rc7 22.g3 Re7
23.Rxe7 Qxe7 24.Qd5 Bc3 25.Kg2 a5 26.Bb3 Bb2 27.Kh3 Qf6 28.Kg2 Qe7 29.Kf1 Bc3
30.Qc4 Bb2 31.Qd5 Bc3 32.Kg1 Ba1 33.h4 h5 34.Kg2 Bb2 35.Bc4 Bc3 36.Kh3 Qf6
37.f4 Qf5+ 38.Qxf5 gxf5 39.Bd5 Kg6 40.Bc4 Kg7 41.Bd5 Kg6 42.Bc4 Kg7  1/2-1/2

[Event "TCh-CHN DivA Standard"]
[Site "Fuling CHN"]
[Date "2024.07.03"]
[Round "7.3"]
[White "Wei Yi"]
[Black "Xu,Pengmo"]
[Result "1-0"]
[WhiteElo "2755"]
[BlackElo "1834"]

1.e4 c6 2.d4 d5 3.exd5 cxd5 4.Bd3 Nc6 5.c3 Nf6 6.Bf4 Bg4 7.Qb3 Qc8 8.Nd2 e6
9.Ngf3 Be7 10.O-O Bh5 11.Rfe1 O-O 12.h4 Bg6 13.Bxg6 hxg6 14.a4 Qd7 15.Ng5 Bd6
16.Bxd6 Qxd6 17.Ndf3 Rae8 18.Re2 b6 19.Ne5 Ne7 20.Rae1 Nf5 21.g3 Nh7 22.Ngf3 Qd8
23.Kg2 Nf6 24.Ng5 Qc7 25.Qb5 Rc8 26.Qd3 Nd6 27.Rh1 Rfe8 28.g4 Qb7 29.f3 Rc7
30.h5 gxh5 31.Rxh5 Nxh5 32.Qh7+ Kf8 33.gxh5 Qa6 34.Kf2 Rec8 35.Ng6+ Ke8 36.Rxe6+  1-0

[Event "TCh-CHN DivA Standard"]
[Site "Fuling CHN"]
[Date "2024.07.06"]
[Round "9.3"]
[White "Wei Yi"]
[Black "Cao,Qingfeng"]
[Result "1-0"]
[WhiteElo "2755"]
[BlackElo "2189"]

1.c4 Nf6 2.Nc3 e5 3.Nf3 Nc6 4.d3 Bb4 5.Bd2 a5 6.g3 O-O 7.Bg2 Re8 8.O-O d5
9.cxd5 Nxd5 10.Rc1 Nxc3 11.bxc3 Bf8 12.a4 Rb8 13.Rb1 Bf5 14.Rb5 Qd7 15.Qb3 b6
16.Ng5 Nd8 17.f4 Ne6 18.Rd5 Nc5 19.Qb1 Qxa4 20.fxe5 Bg6 21.Qe1 Qa2 22.Bf4 h6
23.Nh3 a4 24.Rd4 Rbd8 25.Bc6 Rxd4 26.cxd4 Re6 27.Bf3 Nb3 28.Be3 Qb2 29.Nf4 Nxd4
30.Nxe6 fxe6 31.Bg4 Bc5 32.Kh1 a3 33.Bxd4 Qxd4 34.Bxe6+ Kh7 35.Qa1 Qe3 36.Bg4 b5
37.e6 h5 38.Bf3 Qxe6 39.Qc3 Qe3 40.Kg2 Bd6 41.Qb3 c6 42.Qa2 Qe8 43.Qc2 c5
44.Qa2 b4 45.Bd5 Qe5 46.Bg8+ Kh8 47.Bf7 Bf5 48.Rf2 Bd7 49.Qc4 Bc6+ 50.e4 Kh7
51.Be6 Be8 52.Rf5 Qb2+ 53.Rf2 Qe5 54.Kh3 g6 55.Bf7 Bd7+ 56.Kg2 Kg7 57.Bg8 Be8
58.Rf7+ Kh6 59.Rh7+ Kg5 60.h4+  1-0

[Event "TCh-CHN DivA Standard"]
[Site "Fuling CHN"]
[Date "2024.07.08"]
[Round "11.3"]
[White "Wei Yi"]
[Black "Liu Qingnan"]
[Result "1-0"]
[WhiteElo "2755"]
[BlackElo "2540"]

1.e4 e5 2.Nf3 Nf6 3.Nxe5 d6 4.Nf3 Nxe4 5.Nc3 Nxc3 6.dxc3 Be7 7.Be3 Nd7 8.Qd2 O-O
9.O-O-O c6 10.h4 Nf6 11.Bd3 Re8 12.Rde1 Bd7 13.Bd4 h6 14.Ng5 Ng4 15.f4 hxg5
16.hxg5 f5 17.Bb6 d5 18.Bxd8 Raxd8 19.Be2 Nf2 20.Bh5 Nxh1 21.Rxh1 Bd6 22.Bxe8 Rxe8
23.g3 Kf7 24.Qd4 b6 25.Rh7 Bf8 26.Qf6+ Kg8 27.Qg6 Re1+ 28.Kd2  1-0

[Event "FIDE World Rapid Team"]
[Site "Almaty KAZ"]
[Date "2024.08.02"]
[Round "1.8"]
[White "Akhmetov,Ay"]
[Black "Wei Yi"]
[Result "0-1"]
[WhiteElo "2380"]
[BlackElo "2762"]

1.d4 Nf6 2.Bf4 g6 3.Nc3 d5 4.e3 Bg7 5.Nf3 O-O 6.Be2 c5 7.h4 cxd4 8.exd4 Nc6
9.Ne5 h5 10.Qd2 Bf5 11.f3 Rc8 12.a3 Nxe5 13.dxe5 Nd7 14.Qxd5 Qb6 15.O-O-O Nxe5
16.Bxe5 Qe3+ 17.Qd2 Qxe5 18.g4 Rxc3 19.bxc3 Qc5 20.Kb2 Rc8 21.gxf5 Bxc3+
22.Ka2 Bxd2 23.Rxd2 Qxf5 24.Kb2 Qe5+ 25.Kb1 Qe3 26.Rhd1 Qxa3 27.Rd7 Qb4+
28.Kc1 Qxh4 29.Rxb7 Qf4+ 30.Kb1 Rb8  0-1

[Event "FIDE World Rapid Team"]
[Site "Almaty KAZ"]
[Date "2024.08.02"]
[Round "2.8"]
[White "Wei Yi"]
[Black "Urazayev,Arystanbek"]
[Result "1-0"]
[WhiteElo "2762"]
[BlackElo "2466"]

1.Nf3 d5 2.e3 Nf6 3.c4 e6 4.b3 Bd6 5.Bb2 O-O 6.g3 b6 7.Bg2 Bb7 8.O-O c5 9.Nc3 Nbd7
10.Nh4 Re8 11.cxd5 exd5 12.Nb5 Bf8 13.d4 a6 14.Nc3 Rc8 15.dxc5 Nxc5 16.Rc1 Ne6
17.Nf3 b5 18.Nd4 Qb6 19.Nce2 Rxc1 20.Qxc1 Nc5 21.Qd1 Nce4 22.Nf4 Rc8 23.Nde2 Qa5
24.Qa1 Rc2 25.Nd4 Rxf2 26.Rxf2 Nxf2 27.Kxf2 Qd2+ 28.Kg1 Qxe3+ 29.Kh1 Ne4
30.Nh3 Bc5 31.Nf5 Qe2 32.Bd4 Bc8 33.Nf4 Bxd4 34.Nxe2 Bxa1 35.Ne7+ Kf8 36.Nxc8 f5
37.Nf4 d4 38.Nd3 Nc3 39.a3 Nd1 40.Nb6 a5 41.Bc6 Nc3 42.Nd5 Nb1 43.a4 bxa4
44.bxa4 Bc3 45.Kg2 g6 46.Bb5 Na3 47.Kf3 Nb1 48.Kf4 Kg7 49.Ke5 Nd2 50.h3 h5
51.Kf4 Kh6 52.Nxc3 dxc3 53.Ne1 Ne4 54.h4 Kg7 55.Bc6 Nd2 56.Bb5 Ne4 57.Nc2 Kf6
58.Ne3 Ke6 59.Be8 Kf6 60.Bc6 Nc5 61.Nd5+ Ke6 62.Nxc3 Kd6 63.Be8 Ne6+ 64.Ke3 Ke5
65.Bxg6 f4+ 66.gxf4+ Nxf4 67.Be4 Ne6 68.Ne2  1-0

[Event "FIDE World Rapid Team"]
[Site "Almaty KAZ"]
[Date "2024.08.02"]
[Round "3.8"]
[White "Tabatabaei,M"]
[Black "Wei Yi"]
[Result "0-1"]
[WhiteElo "2712"]
[BlackElo "2762"]

1.d4 Nf6 2.Nf3 d5 3.e3 e6 4.Nbd2 c5 5.b3 cxd4 6.exd4 Nc6 7.Bb2 Ne4 8.Bd3 f5
9.O-O Bd6 10.c4 Qf6 11.a3 O-O 12.b4 Qh6 13.g3 a6 14.b5 axb5 15.cxb5 Na5 16.a4 Bd7
17.Bc1 Qf6 18.Ba3 Bxa3 19.Rxa3 Qe7 20.Qa1 Rfc8 21.Rc1 Qb4 22.Rb1 Qd6 23.Qb2 Be8
24.Rc1 Bh5 25.Raa1 h6 26.Rab1 Kh7 27.Ne5 Rxc1+ 28.Qxc1 Qb6 29.Ndf3 Bxf3 30.Nxf3 Nc4
31.Ra1 Rc8 32.h4 Qa5 33.Qe1 Qxe1+ 34.Nxe1 Nc3 35.Nf3 Nb2 36.Ne5 Nbxa4 37.g4 Nb2
38.Bf1 fxg4 39.Ra7 Ne4 40.Rxb7 Rc1 41.b6 Na4 42.Rc7 Rb1 43.b7 Nd2 44.Nd7 Rxf1+
45.Kg2 Rb1 46.h5 Ne4 47.Nf8+ Kg8 48.Ng6 e5 49.dxe5 Nac5 50.Rc8+ Kf7 51.b8=Q Rxb8
52.Rxb8 d4 53.f3 gxf3+ 54.Kxf3 d3 55.Ke3 d2 56.Rd8 Ng3 57.Nf4 Ne6 58.Rd7+ Ke8
59.Rd6 Nf5+ 60.Kxd2 Nxf4 61.Ra6 Kf7 62.Kc3 Nxh5 63.Kd3 Nhg3 64.Kc4 h5 65.Kd5 Ne7+
66.Kd4 h4 67.Ke3 h3 68.Ra2 h2  0-1

[Event "FIDE World Rapid Team"]
[Site "Almaty KAZ"]
[Date "2024.08.02"]
[Round "4.8"]
[White "Wei Yi"]
[Black "Maghsoodloo,Parham"]
[Result "1/2-1/2"]
[WhiteElo "2762"]
[BlackElo "2723"]

1.e4 e5 2.Nf3 Nc6 3.Nc3 Nf6 4.d4 exd4 5.Nxd4 Bb4 6.Nxc6 bxc6 7.Bd3 O-O 8.O-O d5
9.exd5 cxd5 10.Bg5 c6 11.Qf3 Bd6 12.Rae1 Rb8 13.Nd1 h6 14.Bxf6 Qxf6 15.Qxf6 gxf6
16.b3 f5 17.Ne3 f4 18.Nf5 Bxf5 19.Bxf5 Kg7 20.g4 Kf6 21.Kg2 Rfe8 22.Kf3 Rxe1
23.Rxe1 Rd8 24.Bd3 a5 25.h4 Rb8 26.Bf5 Rd8 27.Bd3 Rb8 28.Rg1 Rg8 29.Ba6 Ke6
30.Re1+ Be5 31.c4 f6 32.Bb7 dxc4 33.Ba6 Ra8 34.Bxc4+ Kd6 35.Ke4 a4 36.g5 axb3
37.axb3 hxg5 38.Rd1+ Ke7 39.hxg5 Ra1 40.Rd2 Re1+ 41.Kf5 fxg5 42.Kxg5 Bd6
43.Ra2 Kd7 44.Kf5 Kc7 45.Bd3 Re5+ 46.Kg4 Rd5 47.Bc4 Rd1 48.Kf5 Re1 49.Rd2 Re5+
50.Kg4 Re1 51.Kf3 Rc1 52.Ke4 Re1+ 53.Be2 Rb1 54.Bd1 Bb4 55.Rd3 Bc5 56.Kxf4 Bxf2
57.Ke4 Bc5 58.Kf3 Kb6 59.Ke2 Ra1 60.Rd8 Bb4 61.Bc2 Rh1 62.Be4 Rh2+ 63.Kd1 Kc5
64.Rd7 Ba5 65.Rd3 Kb5 66.Kc1 c5 67.Bd5 Kb4 68.Bc4 Bc7 69.Kd1 Bf4 70.Ke1 Be5
71.Kf1 Bd4 72.Ke1 Rg2 73.Rf3 Ka3 74.Rd3 Rh2 75.Kd1 Kb4 76.Ke1 Rg2 77.Kf1 Rf2+
78.Ke1 Rf4 79.Ke2 Ka3 80.Rf3 Re4+ 81.Kd3 Re7 82.Kc2 Rh7 83.Rf7 Rh2+ 84.Kd3 Rh3+
85.Ke4 Kb4 86.Rf3 Rxf3 87.Kxf3  1/2-1/2

[Event "FIDE World Rapid Team"]
[Site "Almaty KAZ"]
[Date "2024.08.03"]
[Round "5.8"]
[White "Wei Yi"]
[Black "Martirosyan,Haik M."]
[Result "1-0"]
[WhiteElo "2762"]
[BlackElo "2667"]

1.d4 Nf6 2.Bf4 d5 3.e3 e6 4.Nc3 a6 5.g4 Bb4 6.Ne2 Ne4 7.Bg2 Nxc3 8.Nxc3 Nd7
9.O-O O-O 10.Qd3 b5 11.e4 Nb6 12.exd5 exd5 13.Qg3 Ra7 14.h3 c6 15.Nd1 Be7
16.Re1 Be6 17.b3 Nd7 18.Nb2 c5 19.dxc5 Nxc5 20.Rad1 Rd7 21.Be5 Ne4 22.Qe3 Qc8
23.f3 Bc5 24.Bd4 Bxd4 25.Rxd4 Nf6 26.Qd2 Rc7 27.Re2 Re8 28.Nd3 Bd7 29.Ne5 Be6
30.h4 Qb8 31.Qe1 Qb6 32.Qf2 Rec8 33.Rdd2 Qxf2+ 34.Kxf2 b4 35.Ke1 a5 36.Bf1 h6
37.Kd1 g5 38.Rh2 Kg7 39.Ba6 Ra8 40.Bb5 Rc5 41.Be2 Rc7 42.Bd3 a4 43.Ke1 axb3
44.axb3 Ra1+ 45.Rd1 Ra5 46.Kf2 Ra2 47.Kg3 Rc3 48.Re2 Kf8 49.Ree1 Ke7 50.hxg5 hxg5
51.Ra1 Rxa1 52.Rxa1 Kd6 53.Re1 Rc5 54.f4 gxf4+ 55.Kxf4 Rc8 56.Bf5 Rc3 57.Ra1 Bxf5
58.Ra6+ Kc5 59.gxf5 Ne4 60.Rc6+ Kb5 61.Rxc3 bxc3 62.Nxf7 Kb4 63.Ne5 Ka3 64.Nd3 Ka2
65.b4 Kb1 66.Ne1 Kc1 67.b5 Kd2 68.b6 Nc5 69.f6 d4 70.f7 Kxe1 71.b7 d3 72.b8=Q dxc2
73.Kf3 Nd7 74.Qe8+  1-0

[Event "FIDE World Rapid Team"]
[Site "Almaty KAZ"]
[Date "2024.08.03"]
[Round "6.14"]
[White "Narayanan,SL"]
[Black "Wei Yi"]
[Result "1/2-1/2"]
[WhiteElo "2649"]
[BlackElo "2762"]

1.d4 Nf6 2.c4 e6 3.Nf3 d5 4.Nc3 c6 5.e3 Nbd7 6.Qc2 Bd6 7.Be2 O-O 8.b3 b6
9.Bb2 Bb7 10.O-O Rc8 11.a4 c5 12.a5 bxa5 13.Nb5 Bb8 14.Bc3 a6 15.Bxa5 Qe7
16.Nc3 dxc4 17.bxc4 Bxf3 18.Bxf3 cxd4 19.exd4 Rxc4 20.Rfd1 Qd6 21.g3 Rxd4
22.Ne4 Rxd1+ 23.Rxd1 Qa3 24.Bc3 Be5 25.Ra1 Qe7 26.Rxa6 Nd5 27.Bd2 h6 28.Ra7 Bd4
29.Rb7 Qd8 30.Be2 Ne5 31.Qa4 Bb6 32.Qb5 Bd4 33.Qa4 Nf6 34.Nxf6+ Qxf6 35.Be1 g5
36.Kg2 Rd8 37.Qc2 g4 38.Qe4 h5 39.Rb4 Bc5 40.Rb5 Rd5 41.Rb8+ Kg7 42.Rb5 h4
43.Rb3 Rd4 44.Qc2 h3+ 45.Kf1 Rd5 46.Rb5 Bd4 47.Rxd5 exd5 48.Qc8 Qg6 49.Qd8 Qe4
50.Qg5+ Ng6 51.Bxg4 Qg2+ 52.Ke2 Qe4+ 53.Kf1 Qd3+ 54.Be2 Qb3 55.Qg4 Bc3 56.Bxc3+ Qxc3
57.Qxh3 Qc1+ 58.Kg2 Qc2 59.Qg4 Qd2 60.Bf3 d4 61.Be4 Kf6 62.h4 Ne7 63.h5 Qg5
64.Qd1 Qe5 65.Qg4 Qg5 66.Qf3+ Kg7 67.Qd3 Qc5 68.Qd2 Ng8 69.g4 Qe5 70.Bf5 Qf6
71.f3 Nh6 72.Be4 Qe5 73.g5 Ng4 74.h6+ Kh8 75.fxg4 Qxe4+ 76.Kg3 Kg8 77.Qf4 Qe1+
78.Kg2 Qe2+ 79.Kh3 d3 80.h7+ Kxh7 81.Qxf7+ Kh8 82.Qf8+ Kh7 83.Qf7+ Kh8 84.Qf6+ Kg8
85.g6 Qe3+ 86.Kg2 Qe2+ 87.Kg3 Qe1+ 88.Kg2 Qe2+  1/2-1/2